000 00933nam a2200205 a 4500
001 000247190
003 AM-YeHGA
005 20250618071648.0
008 030715s1984 ai 000 | arm d
040 _aAM-YeHGA
245 1 0 _aՀիշողության հեռաստան :
_bՀիշողության դատ : Պոեմներ /
_cԵ. Իսաև; Թարգմ.՝ Ա. Սահակյան; Խմբ.՝ Վ. Բաբայան; Նկ.՝ Ջ. Գասպարյան.
246 1 5 _aՀիշողության դատ :
260 _aԵրևան :
_bՍովետական գրող,
_c1984.
300 _a167 էջ ;
_c20 սմ.
650 1 4 _aՌուս գրականություն
_xՊոեզիա
700 1 _aՍահակյան, Արամայիս Ադամի,
_d1936-2013
_eթարգմ.
_4trl
_92373
700 1 _aԲաբայան, Վարդգես Հակոբի,
_d1925-2005
_eխմբ.
_4edt
_91703
700 1 _aԳասպարյան, Ջանիկ Երեմի,
_d1930-
_eնկ.
_4art
090 _c89596
999 _c88310
_d88310